Pengangkutan

Bibliographic Details
Format: Book
Series:Siri Perpustakaan Fajar Bakti
Subjects:

MARC

LEADER 00000cam a2200000 7i4500
001 0000008022
002 000008756
005 20000330.0
020 |a 9679330400 
090 0 0 |a J 039.928   |b PER 
245 1 0 |a Pengangkutan 
300 |a 70 p. :   |b ill. ;   |c 30 cm. 
490 0 |a Siri Perpustakaan Fajar Bakti 
650 0 0 |a Transportation   |x Juvenile literature 
999 |a 0010997   |b BUKU   |c PINJAMAN   |e PERPUSTAKAAN KOMUNITI PETALING JAYA